| 000 | 00462nam a22001817a 4500 | ||
|---|---|---|---|
| 999 |
_c20967 _d20967 |
||
| 003 | OSt | ||
| 005 | 20210330112915.0 | ||
| 008 | 170121b xxu||||| |||| 00| 0 eng d | ||
| 020 | _a9780385751537 | ||
| 040 |
_aMMU _beng _cMMU _dMMU |
||
| 050 | _aFIC PZ7.B69677 2006 | ||
| 100 | _aBoyne John | ||
| 245 |
_aThe boy in the striped pajamas/ _cJohn Boyne |
||
| 260 |
_aNew York: _bEmber, _c2006. |
||
| 300 | _a212 p. : | ||
| 650 | _aPajamas | ||
| 942 |
_2lcc _cLOAN LOAN |
||